Normal view
MARC view
- Anjam, Mahmud Ali
Entry Personal Name
001 - CONTROL NUMBER
- control field: 109749
003 - CONTROL NUMBER IDENTIFIER
- control field: NUST
005 - DATE AND TIME OF LATEST TRANSACTION
- control field: 20230303183627.0
008 - FIXED-LENGTH DATA ELEMENTS
- fixed length control field: 230303|| aca||aabn | a|a d
040 ## - CATALOGING SOURCE
- Original cataloging agency: NUST
- Transcribing agency: NUST
100 ## - HEADING--PERSONAL NAME
- Personal name: Anjam, Mahmud Ali
670 ## - SOURCE DATA FOUND
- Source citation: Work cat.: (NUST): Anjam, Mahmud Ali , Payam-e Mashriq /پیام مشرق کی اردو شروح و تراجم کا تحقیقی جائزہ (Urdu) /, 2015
